| 000 | 00535cam a22002171 4500 | ||
|---|---|---|---|
| 001 | ne 64000420 | ||
| 003 | DLC | ||
| 005 | 20260227111756.0 | ||
| 008 | 890926s1961 xx 000 0 ara | ||
| 010 | _ane 64000420 | ||
| 035 | _a(OCoLC)23514965 | ||
| 040 |
_aDLC _cMiU _dDLC |
||
| 042 | _apremarc | ||
| 050 | 0 | 0 |
_aBJ78.A7 _bR3 |
| 100 | 1 | _aRajab, Manṣūr ʻAlī. | |
| 245 | 1 | 0 | _aTaʼammulāt fī falsafat al-akhlāq. |
| 260 | _c[1961] | ||
| 300 |
_a375 p. _c24 cm. |
||
| 504 | _aBibliography: p. 371-374. | ||
| 650 | 0 | _aEthics | |
| 999 |
_c46718 _d46718 |
||